=LDR 00000nam 2200000 4500 =001 INLIS000000000810411 =005 20251208085936 =035 ##$$a 0010-1225000049 =007 ta =008 251208###########################0###### =082 ##$$a 297.21 =084 ##$$a R 297.21 AND t =245 ##$$a Syarh Al-Ushul Ats-Tsalatsah Al-Qowaid Al-Arba /$c Dr. Firanda Andirja, Lc. M.A. =250 ##$$a Cet. 1 =260 ##$:$b Yayasan Baitut Tholabah =300 ##$$a 231 Halaman ; $c 17,5 cm x 25 cm